Course of Analytical Chemistry Vol - 1 : Qualitative Analysis (Record no. 75529)

MARC details
000 -LEADER
fixed length control field 00408pam a2200157 a 4500
020 ## - INTERNATIONAL STANDARD BOOK NUMBER
Terms of availability
041 ## - LANGUAGE CODE
Language code of text/sound track or separate title eng
082 ## - DEWEY DECIMAL CLASSIFICATION NUMBER
Classification number 543.08
Item number KRE
100 ## - MAIN ENTRY--PERSONAL NAME
Personal name Kreshkov, A P.
245 ## - TITLE STATEMENT
Title Course of Analytical Chemistry Vol - 1 : Qualitative Analysis
Medium Textual Documents
260 ## - PUBLICATION, DISTRIBUTION, ETC.
Place of publication, distribution, etc. Moscow
Name of publisher, distributor, etc. MIR Publishers
Date of publication, distribution, etc. 1977
300 ## - PHYSICAL DESCRIPTION
Extent 420.
653 ## - INDEX TERM--UNCONTROLLED
Uncontrolled term Instrumental Analysis
700 ## - ADDED ENTRY--PERSONAL NAME
Personal name Yaroslavtsev, A A.
930 ## - EQUIVALENCE OR CROSS-REFERENCE-UNIFORM TITLE HEADING [LOCAL, CANADA]
Uniform title 2244
Holdings
Withdrawn status Lost status Damaged status Not for loan Collection Home library Current library Date acquired Source of acquisition Cost, normal purchase price Total Checkouts Full call number Barcode Date last seen Copy number Price effective from Koha item type
          Poona College of Pharmacy, Pune Poona College of Pharmacy, Pune 11/02/1983 Sunit, Book Mumbay 23.00   543.08 KRE PCP-B-440 24/02/2023 1 24/02/2023 Book